00409nam a2200145 a 450000500170000000800410001702000180005805000260007610000190010224500550012126000390017630000070021544000230022265000180024520140412111414.0070703s19uu xx 00 eng d a983-187-218-5 aTR(GS 428.4bM11 2004 aMah, May S. M. aPup in the mud and Bug in the mug /cMay S.M. Mah. aMalaysia :bRhythm Pub. co,c2004. a24 aPhonics in reading aShort u sound